000 00618nam a2200205 i 4500
001 18983
003 BD-RjUL
005 20211209000352.0
008 140223r19541929enk 00101 eng d
035 _a(BD-RjUL)19041
040 _aBD-RjUL
_beng
_cBD-RjUL
_dBD-RjUL
041 _aeng
082 _a822.4
_bDOR 1954
100 1 0 _aDobree, Bonamy,
_d1891-
_958512
245 1 0 _aRestoration tragedy 1660-1720 /
_c Bonamy Dobree,
260 0 _aOxford :
_bat the clarendon press,
_c1929 (reprinted 1954)
300 _a189 p. :
_c18 cm.
650 0 _aEnglish drama (Tragedy)
_xRestoration, 1660-1700.
_958513
942 _2ddc
_cBK
999 _c18983
_d18983